|
|
|
|
| LEADER |
00000naa0a2200000 4500 |
| 001 |
595319 |
| 005 |
20250227120819.0 |
| 035 |
|
|
|a (RuTPU)RU\TPU\tpu\16204
|
| 090 |
|
|
|a 595319
|
| 100 |
|
|
|a 20090519d2005 k y0rusy50 ca
|
| 101 |
0 |
|
|a rus
|
| 102 |
|
|
|a RU
|
| 200 |
1 |
|
|a Мантийные и коровые золотогенерирующие системы
|f А. Ф. Коробейников
|
| 320 |
|
|
|a Библиогр.:9 назв.
|
| 333 |
|
|
|a В фонде НТБ ТПУ отсутствует
|
| 463 |
|
|
|t Благородные и редкие металлы Сибири и Дальнего Востока: рудообразующие системы месторождений комплексных и нетрадиционных типов руд
|o материалы Научной конференции, Иркутск, 3-7 окт., 2005
|v С. 93-96
|n [Б. и.]
|d 2005
|
| 610 |
1 |
|
|a труды учёных ТПУ
|
| 700 |
|
1 |
|a Коробейников
|b А. Ф.
|c российский геолог, доктор геолого-минералогических наук
|c профессор Томского политехнического университета
|f 1934-
|g Александр Феопенович
|3 (RuTPU)RU\TPU\pers\12688
|4 070
|
| 801 |
|
1 |
|a RU
|b 63413507
|c 20090519
|g PSBO
|
| 801 |
|
2 |
|a RU
|b 63413507
|c 20090519
|g PSBO
|
| 942 |
|
|
|c BK
|